Catálogo
 En Linea

10 insecticidas orgánicos. (Registro nro. 31361)

Detalles MARC
000 -CABECERA
campo de control de longitud fija 00635nam a2200169 a 4500
001 - NÚMERO DE CONTROL
campo de control 000031869
005 - FECHA Y HORA DE LA ÚLTIMA TRANSACCIÓN
campo de control 20200930063238.0
008 - DATOS DE LONGITUD FIJA--INFORMACIÓN GENERAL
campo de control de longitud fija 110707s2009 dr a 000 0 spa d
040 ## - FUENTE DE LA CATALOGACIÓN
Centro catalogador/agencia de origen DO-SdBNP
Lengua de catalogación spa
Centro/agencia transcriptor BNPHU
082 ## - NÚMERO DE LA CLASIFICACIÓN DECIMAL DEWEY
Número de clasificación xxxx
Número de documento/Ítem D568
049 ## - FONDOS LOCALES (OCLC)
Fondos de biblioteca BNPD
245 00 - MENCIÓN DE TÍTULO
Título 10 insecticidas orgánicos.
246 03 - FORMA VARIANTE DE TÍTULO
Título propio/Titulo breve Diez insecticidas orgánicos
260 ## - PUBLICACIÓN, DISTRIBUCIÓN, ETC.
Lugar de publicación, distribución, etc. [Santo Domingo] :
Nombre del editor, distribuidor, etc. ARAUCARIA XXl, Programa de Cooperción Española para la Concervación de la Biodiversidad y el Desarrollo Sostenible en Iberoamerica,
Fecha de publicación, distribución, etc. [2009?].
300 ## - DESCRIPCIÓN FÍSICA
Extensión [20 p.] ;
Dimensiones 12 cm.
500 ## - NOTA GENERAL
Nota general Folleto para el uso de los agricultores de la cuenca del Rio Perdenales
Existencias
Estado de retiro Estado de pérdida No para préstamo Código de colección Localización permanente Ubicación/localización actual Ubicación en estantería Fecha de adquisición Número de inventario Total de préstamos Signatura topográfica completa Código de barras Fecha visto por última vez Precio válido a partir de Tipo de ítem Koha
    Excluido de préstamo Patrimonio Dominicano Patrimonio Dominicano Patrimonio Dominicano En catalogación 07.07.2011 LF1   xxxx D568 31869-10 25.06.2020 25.06.2020 Libro y Folleto Colección Patrimonio Dominicano

Con tecnología Koha